Statystyki dla Jedna z Tych Rzeczy nie Pasuje do Pozostałych #2

Kliknij tutaj aby rozwiązać quiz!

Ogólne statystyki

  • Ten quiz został rozwiązany 906 razy
  • Średni wynik to 10 z 20

Statystyki odpowiedzi

ZagadnienieOdpowiedź% Poprawnych
Podział Administracyjny PolskiElbląg
81%
FizykaPozyton
80%
PolitykaIgnacy Mościcki
73%
GeometriaDeltoid
72%
Stratygrafia - GeologiaDewon
63%
NobliściMaria Skłodowska-Curie
62%
Monarchia w PolsceMieszko I
62%
Parki NarodowePark Narodowy "Martwa Wisła"
60%
Forma WładzyPortugalia
57%
Historia I Wojny ŚwiatowejPortugalia
50%
AstrologiaJaszczurka
48%
Położenie Geograficzne KrajówUkraina
45%
ChemiaWodór
44%
DendrologiaSurmia
42%
Muzyka RozrywkowaKeith Richards
38%
Orografia- Korona ŚwiataK2
37%
KinematografiaObywatel Kane (Citizen Kane)
35%
KomiksWonder Woman
35%
Literatura KlasycznaKatarynka
23%
AstronomiaTytan
16%

Rozkład punktacji

Percentyl według liczby udzielonych odpowiedzi

Procent ludzi z każdym wynikiem

Twoja historia wyników

Nie rozwiązałeś tego quizu